| 000 | 006950000a22002170004500 | ||
|---|---|---|---|
| 003 | LK-CoMWRAF | ||
| 005 | 20231023153830.0 | ||
| 008 | 230817t ||||| |||| 00| 0 eng d | ||
| 020 | _a0912463090 | ||
| 040 |
_aLK-CoMWRAF _dLK-CoMWRAF _eLK-CoMWRAF |
||
| 041 | _aeng | ||
| 082 |
_a297.27 _bABU |
||
| 100 | _a'Abu Sulayman, 'Abdul Hamid 'A. | ||
| 245 |
_aThe Islamic theory of international relations : _bNew direction for Islamic methodology and thought |
||
| 260 |
_bHarndon : _aInternational Institute of Islamic thought, _c1987 |
||
| 300 | _a184p | ||
| 650 | _a Islam and world politics | ||
| 650 | _aPolitics Role of Islam | ||
| 650 | _aIslam--International relations | ||
| 942 | _cBK | ||
| 999 |
_c1347 _d1347 |
||